000 00723nam a2200181Ia 4500
008 100921s9999 xx 000 0 und d
082 _b32599
_a954 न 00
100 _aधारप श्रीरंग दिनकर.
245 _aकारगीलचा रणसंग्राम.
260 _bपार्टनर प्रकाशन, मुंबई.
_c2000
300 _a123
_bशांती पब्लिकेशन,पुणे
365 _b100
520 _aइतिहास-भारत.
630 _aकारगीलचा रणसंग्राम.
650 _aइतिहास-भारत.
730 _aकारगीलचा रणसंग्राम.
942 _cBOOK
999 _c781712
_d781709